Cyclisme : Grand Tour de 2000 à 2025 - Statistiques

Statistiques générales
  • Ce quiz a été pris 2 478 fois
    662 depuis la dernière actualisation
  • Le résultat moyen est 51 sur 81
Statistiques - réponses
Années Pays Grand Tour % Correct
2024 🇸🇮 Pogacar
100%
2025 🇸🇮 Pogacar
100%
2024 🇸🇮 Pogacar
100%
2021 🇸🇮 Pogacar
100%
2020 🇸🇮 Pogacar
100%
2023 🇩🇰 Vingegaard
99%
2022 🇩🇰 Vingegaard
99%
2025 🇩🇰 Vingegaard
99%
2018 🇬🇧 Froome
98%
2017 🇬🇧 Froome
98%
2016 🇬🇧 Froome
98%
2015 🇬🇧 Froome
98%
2013 🇬🇧 Froome
98%
2017 🇬🇧 Froome
98%
2011 🇬🇧 Froome
98%
2023 🇸🇮 Roglic
96%
2024 🇸🇮 Roglic
96%
2021 🇸🇮 Roglic
96%
2020 🇸🇮 Roglic
96%
2019 🇸🇮 Roglic
96%
2021 🇨🇴 Bernal
94%
2019 🇨🇴 Bernal
94%
2016 🇮🇹 Nibali
93%
2013 🇮🇹 Nibali
93%
2014 🇮🇹 Nibali
93%
2010 🇮🇹 Nibali
93%
2018 🇬🇧 Thomas
93%
2025 🇬🇧 Yates
90%
2018 🇬🇧 Yates
90%
2015 🇪🇦 Contador
89%
2008 🇪🇦 Contador
89%
2009 🇪🇦 Contador
89%
2007 🇪🇦 Contador
89%
2014 🇪🇦 Contador
89%
2012 🇪🇦 Contador
89%
2008 🇪🇦 Contador
89%
2022 🇧🇪 Evenepoel
89%
2014 🇨🇴 Quintana
81%
2016 🇨🇴 Quintana
81%
2011 🇦🇺 Evans
79%
2010 🇱🇺 Schleck
79%
2012 🇬🇧 Wiggins
77%
2019 🇪🇨 Carapaz
76%
2023 🇺🇲 Kuss
75%
2022 🇦🇺 Hindley
73%
2017 🇳🇱 Dumoulin
68%
2020 🇬🇧 Geoghegan Hart
55%
2015 🇮🇹 Aru
50%
2009 🇪🇦 Valverde
50%
2006 🇰🇿 Vinokourov
50%
2008 🇪🇦 Sastre
46%
Années Pays Giro d'Italia
41%
Années Pays Tour de France
40%
Années Pays Vuelta España
39%
2012 🇨🇦 Hesjedal
31%
2006 🇪🇦 Pereiro
31%
2013 🇺🇲 Horner
29%
2009 🇷🇺 Menchov
29%
2007 🇷🇺 Menchov
29%
2010 🇮🇹 Basso
27%
2006 🇮🇹 Basso
27%
2005 déclassé
24%
2004 déclassé
24%
2003 déclassé
24%
2002 déclassé
24%
2001 déclassé
24%
2000 déclassé
24%
2011 🇮🇹 Scarponi
22%
2005 🇪🇦 Heras
21%
2004 🇪🇦 Heras
21%
2003 🇪🇦 Heras
21%
2000 🇪🇦 Heras
21%
2004 🇮🇹 Cunego
20%
2007 🇮🇹 Di Luca
16%
2003 🇮🇹 Simoni
13%
2001 🇮🇹 Simoni
13%
2000 🇮🇹 Garzelli
9%
2005 🇮🇹 Savoldelli
9%
2002 🇮🇹 Savoldelli
9%
2001 🇪🇦 Casero
7%
2002 🇪🇦 Gonzales
4%
Aucun quiz correspondant
Distribution des résultats
% des personnes avec chaque résultat
Percentile par nombre de réponses
Votre historique - résultats
Vous n’avez pas pris ce quiz depuis la dernière actualisation